000 01297nam a22002417a 4500
999 _c61506
_d61506
003 Ge_BSU
005 20240320153404.0
008 240320s2005ge xxu||||| |||| 00| 0 geo d
020 _a9992896752
041 _ageo
080 _a94(479.22)(063) ს-18
245 _aსაისტორიო მაცნე :
_bშრომების კრებული XV /
_cტომის რედ. ერმილე მესხია
264 _aბათუმი :
_bუნივერსიტეტის გამ-ბა,
_c2005.
300 _a399 გვ:.
_b20 სმ.
500 _aსაისტორიო მაცნე გამოდის 1995 წლიდან
501 _aსაიუბილეო გამოცემა
600 _921495
_tსაიუბილეო გამოცემა
653 _aსაისტორიო მაცნე
653 _aშრომების კრებული
700 _aმესხია, ერმილე
_eრედაქტორი
_921494
710 _aბათუმის შოთა რუსთაველის სახელმწიფო უნივერსიტეტი, საქართველოს ისტორიის კათედრა
_921463
942 _2udc
_cSHR